• 首页
  • 本馆介绍
  • 公告通知
  • 最新文献
  • 馆藏检索
  • 电子资源
  • 读者荐购
  • 参考咨询
  • CALIS
  • 我的图书馆
  • 登录
  • 详细信息显示
  • 放入我的书架
  • 预约/预借图书
  • 作者相关作品
  • 分类相关作品
  • 丛书相关作品
  • 出版社相关作品

书目信息

  • 表格格式
  • 工作单格式
  • 卡片格式
题名:
位高权重
    
 
作者: 程凌征 著
分册:  
出版信息: 呼和浩特   内蒙古人民出版社  2003.01
页数: 339页
开本: 20cm
丛书名: 程凌征长篇小说原创平台
单 册:
中图分类: I247.54
科图分类:
主题词: 长篇小说--chang pian xiao shuo--中国--现代
电子资源:
ISBN: 7-204-05545-4
 
 
 
 
 
000 00983nam 2200253 450
001 012008858188
005 20080322153312.26
010    @a7-204-05545-4@dCNY22.00
100    @a20080322d2003 km y0chiy0121 ea
101 0  @achi
102    @aCN@b150000
105    @ay z 000ay
106    @ar
200 1  @a位高权重@Awei gao quan zhong@f程凌征著@Fcheng ling zheng zhu
210    @a呼和浩特@c内蒙古人民出版社@d2003.01
215    @a339页@d20cm
225 2  @a程凌征长篇小说原创平台@Acheng ling zheng chang pian xiao shuo yuan chuang ping tai@v2
330    @a市府办主任倪笑我割腕自杀,猛然间炸开了海天市似乎风平浪静的官场,紧接着纪委书记章乃夫奉命调查老上级的秘书行贿案。总经理装疯,县长被双规,市委副书记跳楼自杀……,案中有案,纵横交错。
410  0 @12001 @a程凌征长篇小说原创平台
606 0  @a长篇小说@Achang pian xiao shuo@y中国@z现代
690    @aI247.54@v4
701  0 @a程凌征@Acheng ling zheng@4著
801  0 @aCN@bHYXY@c20080322
905    @b20290031-34@dI247.54@eC759@f4
    
    位高权重/程凌征著.-呼和浩特:内蒙古人民出版社,2003.01
    339页;20cm.-(程凌征长篇小说原创平台;2)
    
    
    ISBN 7-204-05545-4:CNY22.00
    市府办主任倪笑我割腕自杀,猛然间炸开了海天市似乎风平浪静的官场,紧接着纪委书记章乃夫奉命调查老上级的秘书行贿案。总经理装疯,县长被双规,市委副书记跳楼自杀……,案中有案,纵横交错。
●
相关链接 在E读中查询图书 在当当中查询图书 在豆瓣中查询图书


正题名:位高权重     索取号:I247.54/C759         预约/预借

序号 登录号 条形码 馆藏地/架位号 状态 备注
1 290031   202900316   文学库108/108文学库 45排3列3层/ [索取号:I247.54/C759] 在馆    
2 290032   202900325   社科二线400B/400B社科库 22排4列2层/ [索取号:I247.54/C759] 在馆    
3 290033   202900334   文学库108/108文学库 45排3列3层/ [索取号:I247.54/C759] 在馆    
4 290034   202900343   社科二线400B/400B社科库 1排2列5层/ [索取号:I247.54/C759] 在馆    
河南城建学院图书馆 欢迎您!
大连网信软件有限公司© 版权所有